Catálogo

Migraciones en la huasteca poblana : (Registro nro. 58732)

Detalles MARC
000 -LEADER
fixed length control field 01223cam a2200289 i 4500
001 - CONTROL NUMBER
control field 58732
005 - DATE AND TIME OF LATEST TRANSACTION
control field 20191004132001.0
008 - FIXED-LENGTH DATA ELEMENTS--GENERAL INFORMATION
fixed length control field 140415s2011 mx ab r 000 0 spa d
020 ## - INTERNATIONAL STANDARD BOOK NUMBER
International Standard Book Number 9786074873665
040 ## - CATALOGING SOURCE
Original cataloging agency MX-PuUPA
Language of cataloging spa
Description conventions rda
Transcribing agency Mx-PuUPA
Modifying agency Mx-PuUPA
041 ## - LANGUAGE CODE
Language code of text/sound track or separate title spa
082 0# - DEWEY DECIMAL CLASSIFICATION NUMBER
Classification number 325.2720973
Item number MIG
245 00 - TITLE STATEMENT
Title Migraciones en la huasteca poblana :
Remainder of title actores y procesos /
Statement of responsibility, etc. Ma. Eugenia DAubetterre Buznego, Ma. Leticia Rivermar Pérez, editoras.
250 ## - EDITION STATEMENT
Edition statement Primera edición
264 #1 - PRODUCTION, PUBLICATION, DISTRIBUTION, MANUFACTURE, AND COPYRIGHT NOTICE
Place of production, publication, distribution, manufacture Puebla, Pue. :
Name of producer, publisher, distributor, manufacturer Instituto de Ciencias Sociales y Humanidades "Alfonso Vélez Pliego", Benemérita Universidad Autónoma de Puebla,
Date of production, publication, distribution, manufacture, or copyright notice 2011
300 ## - PHYSICAL DESCRIPTION
Extent 174 páginas :
Other physical details ilustraciones, mapas ;
Dimensions 24 cm.
336 ## - CONTENT TYPE
Content type term texto
Source rdacontent
337 ## - MEDIA TYPE
Media type term sin mediación
Source rdamedia
338 ## - CARRIER TYPE
Carrier type term volumen
Source rdacarrier
650 #4 - SUBJECT ADDED ENTRY--TOPICAL TERM
Topical term or geographic name entry element Migrantes
Geographic subdivision México
-- Pahuatlan del Valle
650 #4 - SUBJECT ADDED ENTRY--TOPICAL TERM
Topical term or geographic name entry element Mexicanos
Geographic subdivision Estados Unidos
650 #4 - SUBJECT ADDED ENTRY--TOPICAL TERM
Topical term or geographic name entry element Indígenas aztecas
Geographic subdivision México
-- Sierra Norte (Oaxaca)
651 #4 - SUBJECT ADDED ENTRY--GEOGRAPHIC NAME
Geographic name Pahuatlán del Valle (México)
General subdivision Emigración e inmigración
700 1# - ADDED ENTRY--PERSONAL NAME
Personal name DAubetterre Buznego, Ma. Eugenia,
Relator term editor
700 1# - ADDED ENTRY--PERSONAL NAME
Personal name Rivermar Pérez, María Leticia
Relator term editor
9 (RLIN) 1135
942 ## - ADDED ENTRY ELEMENTS (KOHA)
Classification part 325.2720973
Item part MIG
Koha item type Libro
Existencias
Withdrawn status Lost status Source of classification or shelving scheme Damaged status Not for loan Collection code Home library Current library Shelving location Date acquired Source of acquisition Inventory number Total Checkouts Full call number Barcode Date last seen Price effective from Koha item type
    Dewey Decimal Classification   Consulta en sala Puebla Biblioteca Karol Wojtyla Biblioteca Karol Wojtyla Área de silencio 30/01/2017 Compra 151000000000000000062072   325.2720973 MIG 2011 96932 05/01/2026 03/02/2018 Libro